Help yourself with edicational ideas (Record no. 41374)
[ view plain ]
| 000 -LEADER | |
|---|---|
| fixed length control field | 00482 a2200157 4500 |
| 008 - FIXED-LENGTH DATA ELEMENTS--GENERAL INFORMATION | |
| fixed length control field | 121030b xxu||||| |||| 00| 0 eng d |
| 020 ## - INTERNATIONAL STANDARD BOOK NUMBER | |
| International Standard Book Number | 99704051131 |
| 050 ## - LIBRARY OF CONGRESS CALL NUMBER | |
| Classification number | LB 41.N72 |
| 100 ## - MAIN ENTRY--PERSONAL NAME | |
| Personal name | Nsubuga, E.H.K. |
| 245 ## - TITLE STATEMENT | |
| Title | Help yourself with edicational ideas |
| Statement of responsibility, etc | E H K Nsubuga |
| 260 ## - PUBLICATION, DISTRIBUTION, ETC. (IMPRINT) | |
| Date of publication, distribution, etc | [1977] |
| Name of publisher, distributor, etc | M K Publishers |
| Place of publication, distribution, etc | (Kampala) |
| 300 ## - PHYSICAL DESCRIPTION | |
| Extent | iv,102p |
| 500 ## - GENERAL NOTE | |
| General note | includes bibliographical references |
| 650 ## - SUBJECT ADDED ENTRY--TOPICAL TERM | |
| Topical term or geographic name as entry element | Education--Study and Teaching | General Education |
| 942 ## - ADDED ENTRY ELEMENTS (KOHA) | |
| Item type | Book |
| Source of classification or shelving scheme | Library of Congress Classification |
| Withdrawn status | Lost status | Source of classification or shelving scheme | Damaged status | Not for loan | Collection code | Home library | Current library | Shelving location | Date acquired | Source of acquisition | Total Checkouts | Total Renewals | Full call number | Barcode | Date last seen | Date last borrowed | Price effective from | Koha item type |
|---|---|---|---|---|---|---|---|---|---|---|---|---|---|---|---|---|---|---|
| Library of Congress Classification | Non-fiction | Bishop Okullu Memorial Library (Limuru Campus) | Bishop Okullu Memorial Library (Limuru Campus) | General Circulation | 30/10/2012 | purchase | 10 | 1 | LB 41.N72 [1977] | 033708 | 24/10/2023 | 06/02/2023 | 30/10/2012 | Book | ||||
| Library of Congress Classification | Non-fiction | Bishop Okullu Memorial Library (Limuru Campus) | Bishop Okullu Memorial Library (Limuru Campus) | General Circulation | 30/10/2012 | purchase | 6 | LB 41.N72 [1977] | 033709 | 23/05/2016 | 30/10/2012 | Book |